000 00284nam a2200133Ia 4500
100 _aReyat Harbans Singh
942 _cBK
654 _aAutomobile
245 _aAutomobile
260 _bS.Chand and Company ltd
_aNew Delhi
_c1984
300 _a512
546 _aENGLISH
999 _c24731
_d24731